| 000 | 00583nam a2200205 a 4500 | ||
|---|---|---|---|
| 005 | 20240320063711.0 | ||
| 008 | 090625s2006 mx r 000 0 spa d | ||
| 020 | _a8467508779 | ||
| 035 | _aUPN01000171483 | ||
| 049 | _aCG | ||
| 050 | 4 |
_aPS3565 A8.4 _bS4.9 |
|
| 100 | 1 |
_aOates, Joyse Carol, _d1938- |
|
| 245 | 1 | 0 |
_aSexy / _cJoyse Carol Oates ; tr. Xohana Bastida. |
| 260 |
_aMadrid : _bSM, _c2006. |
||
| 300 | _a201 p. | ||
| 440 | 0 |
_aGran angular ; _v74. _pAlerta roja |
|
| 650 | 4 |
_aNovela estadounidense _94462 |
|
| 650 | 7 |
_aSexualidad del adolescente _2 _91514 |
|
| 905 | _aLibro | ||
| 999 |
_c143588 _d143588 |
||